• 首页
  • 本馆介绍
  • 公告通知
  • 最新文献
  • 馆藏检索
  • 电子资源
  • 读者导购
  • 参考咨询
  • 我的图书馆
  • 登录
  • 详细信息显示
  • 放入我的书架
  • 预约/预借图书
  • 作者相关作品
  • 分类相关作品
  • 丛书相关作品
  • 出版社相关作品

书目信息

  • 表格格式
  • 工作单格式
  • 卡片格式
题名:
文化决策参考
    
 
作者: ;首都师范大学 编
分册: 2016  
出版信息: 北京   社会科学文献出版社  2018
页数: 201页
开本: 24cm
丛书名:
单 册:
中图分类: G127.1
科图分类:
主题词: 文化事业--wen hua shi ye--发展--研究--北京市--2016
电子资源:
ISBN: 978-7-5201-2193-4
000 01309nam 2200265 450
001 012001003824
005 20140114141055.0
010    @a978-7-5201-2193-4@dCNY89.00
099    @aCAL 012018074999
100    @a20180621d2018 em y0chiy50 ea
101 0  @achi
102    @aCN@b110000
105    @aak a 000yy
106    @ar
200 1  @a文化决策参考@Awen hua jue ce can kao@h2016@d= The reference of cultural development's decision making@h2016@f首都师范大学文化研究院编@zeng
210    @a北京@c社会科学文献出版社@d2018
215    @a201页@c图@d24cm
320    @a有书目
330    @a本书作为首都师范大学文化研究院的主要机关刊物, 其编辑方针充分体现办院宗旨“学术本位, 公共关怀, 首都意识, 全球视野”, 以专题研究论文或调研报告的形式, 从顶层设计的高度, 研究国家和北京文化发展面临的重大理论与实践议题, 为市委、市政府的文化决策提供学术支持, 有效实现学术成果向政策建言转化。本辑是此系列的第6本, 关注点锁定在北京城市文化建设, 旨在为北京市新时期的文化建设体提供智力支持和个案参考。
510 1  @aReference of cultural development's decision making@h2016@zeng
606 0  @a文化事业@Awen hua shi ye@x发展@x研究@y北京市@z2016
690    @aG127.1@v5
711 02 @a首都师范大学@Ashou du shi fan da xue@b文化研究院@Bwen hua yan jiu yuan@4编
801    @b江苏凤凰@c20191020
905    @b1237137-42@dG127.1@e287@f6
    
    文化决策参考.2016= The reference of cultural development's decision making.2016/首都师范大学文化研究院编.-北京:社会科学文献出版社,2018
    201页:图;24cm
    
    
    ISBN 978-7-5201-2193-4:CNY89.00
    本书作为首都师范大学文化研究院的主要机关刊物, 其编辑方针充分体现办院宗旨“学术本位, 公共关怀, 首都意识, 全球视野”, 以专题研究论文或调研报告的形式, 从顶层设计的高度, 研究国家和北京文化发展面临的重大理论与实践议题, 为市委、市政府的文化决策提供学术支持, 有效实现学术成果向政策建言转化。本辑是此系列的第6本, 关注点锁定在北京城市文化建设, 旨在为北京市新时期的文化建设体提供智力支持和个案参考。
●
相关链接 在E读中查询图书 在五车中查询图书 在当当中查询图书 在豆瓣中查询图书


正题名:文化决策参考     索取号:G127.1/287         预约/预借

序号 登录号 条形码 馆藏地/架位号 状态 备注
1 1237137   212371379   第一样本阅览室/ [索取号:G127.1/287] 在馆    
2 1237138   212371388   教育系资料室/ [索取号:G127.1/287] 在馆    
3 1237139   212371397   教育系资料室/ [索取号:G127.1/287] 在馆    
4 1237140   212371404   第四借阅区/ [索取号:G127.1/287] 在馆    
5 1237141   212371413   第四借阅区/ [索取号:G127.1/287] 在馆    
6 1237142   212371422   第四借阅区/ [索取号:G127.1/287] 在馆    
唐山师范学院图书馆 欢迎您!
大连网信软件有限公司© 版权所有